000 01252nam a22003497a 4500
003 CHAP
005 20220329135122.0
008 971013s1979 r 00010 d
010 _a31225
011 _a32197
035 _a36310
040 _cCHAP
090 _aFolleto 5753
100 0 0 _aMárquez Sánchez, Fidel.
_976354
245 _aRespuesta especial a la selección a largo plazo en maíz, en base a un estudio de una mezcla intervarietal
260 _aChapingo, Méx. :
_bColegio de Postgraduados. Rama de Genética,
_c1979
300 _a85 p.
_b; gráfs
500 _ac.4, c.6 bodega
590 _aBATCH-UPD
_b10
_c20130110
_lUCH01
_h1722
590 _aBATCH-UPD
_b10
_c20130410
_lUCH01
_h1105
590 _aBATCH-UPD
_b10
_c20130914
_lUCH01
_h1750
590 _aCONVERSION
_b10
_c20130109
_lUCH01
_h1318
650 1 4 _aMaíz
_xHíbridos.
_970974
650 1 4 _aMaíz
_xMejoramiento.
_971006
650 1 4 _aMaíz
_xSelección masal.
_971058
901 _aBK
942 _cFOLL
949 _aFolleto 5753
_bBC
_cFOLL
_d-152027
_eTS2
_fc.4
_i36310
_si
949 _aFolleto 5753
_bBC
_cFOLL
_d-83765
_eTS1
_i36310
_mD
_si
949 _aFolleto 5753
_bBC
_cFOLL
_d-83766
_eTS2
_fc.2
_i36310
_mD
_si
949 _aFolleto 5753
_bBC
_cFOLL
_d-83767
_eTS2
_fc.3
_i36310
_mD
_si
999 _c31225
_d31225